000 00711nam a2200193 i 4500
001 26171
003 ES-MaACL
005 20250902042219.0
007 t|
008 030108s1981 sp ||||1| spa d
245 0 0 _aAspectos fundamentales de ordenación del sector crediticio... /
_c[traductor: Stefan Hladun Jablonsky].
260 _aMadrid :
_bESIC,
_c[1981]
300 _a47 p. ;
_c22 cm.
500 _aPrecede al tít.: Instituto de Dirección y Organización de Empresas.
700 1 _aJablonsky, Stefan Hladun.
_965790
710 2 _aUniversidad de Alcalá de Henares.
_bInstituto de Dirección y Organización de Empresas
_94863
852 _aES-MaACL
_j2117-F-10
_bR.101814
999 _c26171
_d26171